Development of the project-oriented organization diplomová práca

Salvato in:
Dettagli Bibliografici
Autore principale: Tužáková, Katarína
Ente Autore: Ekonomická univerzita v Bratislave. Ústav medzinárodných programov
Altri autori: Marsina, Štefan
Natura: Libro
Lingua:inglese
Pubblicazione: Bratislava 2012
Tags: Aggiungi Tag
Nessun Tag, puoi essere il primo ad aggiungerne!!

MARC

LEADER 00000nam$a2200000$$$4500
001 0157643
005 20240318114223.8
041 0 |a eng 
044 |a SK 
245 1 0 |a Development of the project-oriented organization  |b diplomová práca  |c Katarína Tužáková ; školiteľ: Štefan Marsina 
264 1 |a Bratislava  |c 2012 
300 |a 75 s. 
100 1 |a Tužáková, Katarína 
700 1 |a Marsina, Štefan 
710 2 |a Ekonomická univerzita v Bratislave. Ústav medzinárodných programov